00439nam a2200169 a 450000100060000000300090000600800410001502000150005604000280007108200090009910000200010824500580012826000240018630000090021049000180021965000320023723741CO-ViMGA141112s2004 ck r 000 u spa d a9580510717 aCO-ViMGAbspacCO-ViMGA04aHIDp1 aHidalgo, Hector10aEl piano de neruda y otros cuentos / cHector Hidalgo aColombia : beducar a84p. aAlas de papel14aCUENTOS INFANTILES CHILENOS